[Event "58th ch-RUS Semi-Final"]
[Site "Kazan RUS"]
[Date "2005.09.03"]
[Round "1"]
[White "Obolenskikh,D"]
[Black "Popov,Val"]
[Result "1-0"]
[WhiteElo "2437"]
[BlackElo "2570"]
[EventDate "2005.09.03"]

1. e4 e6 2. d4 d5 3. exd5 exd5 4. Nf3 Nc6 5. Bb5 Bd6 6. c4 dxc4 7. d5 a6 8.
Ba4 b5 9. dxc6 bxa4 10. O-O Bg4 11. Re1+ Kf8 12. Nbd2 a3 13. Nxc4 Bb4 14.
Bd2 Bxd2 15. Qxd2 Qxd2 16. Nfxd2 axb2 17. Rab1 Rb8 18. Nb3 f6 19. Nc5 Bf5
20. Rxb2 Rxb2 21. Nxb2 Ne7 22. Nxa6 Nxc6 23. Nxc7 Kf7 24. Nc4 Rd8 25. h3
Rd3 26. a4 Kg6 27. Re3 Rd4 28. Rg3+ Kh6 29. Ne3 Bd7 30. Ne8 Rxa4 31. Rxg7
Ne5 32. Rg8 Be6 33. Rg3 Nd3 34. Ng4+ Bxg4 35. Rxd3 Bf5 36. Rd6 Kg5 37. Nxf6
Ra2 38. Nd5 Bg6 39. Ne3 Be4 40. Rb6 Re2 41. Rb5+ Kg6 42. Nd5 Rd2 43. Nf4+
Kf6 44. f3 Ba8 45. Ra5 Bb7 46. Rh5 h6 47. Rb5 Ba8 48. Rb8 Ra2 49. Kh2 Ra5
50. Kg3 Kf7 51. Rb6 Kg7 1-0

[Event "58th ch-RUS Semi-Final"]
[Site "Kazan RUS"]
[Date "2005.09.04"]
[Round "2"]
[White "Yakovich,Yur"]
[Black "Nevostrujev,V"]
[Result "1-0"]
[WhiteElo "2560"]
[BlackElo "2490"]
[EventDate "2005.09.03"]

1. d4 Nf6 2. c4 g6 3. Nc3 Bg7 4. e4 d6 5. Be2 O-O 6. Nf3 e5 7. O-O Nc6 8.
d5 Ne7 9. Nd2 a5 10. Rb1 Bh6 11. a3 a4 12. Nxa4 Bxd2 13. Bxd2 Nxe4 14. Be1
b5 15. cxb5 Nxd5 16. Qxd5 Rxa4 17. Bb4 Rxb4 18. axb4 Nf6 19. Qc6 Bd7 20.
Qb7 Qb8 21. Qxb8 Rxb8 22. Rfc1 Ne8 23. Ra1 Kf8 24. Ra5 Ke7 25. Rca1 d5 26.
Rc1 e4 27. f3 f5 28. Kf2 Rb6 29. Ra6 Kd6 30. Ke3 Ng7 31. Rd1 Be6 32. Rxb6+
cxb6 33. Ra1 Bc8 34. Ra8 Bb7 35. Rb8 Kc7 36. Rg8 Ne6 37. fxe4 fxe4 38. Rh8
d4+ 39. Kd2 Bd5 40. Rxh7+ Kb8 41. Rd7 Ba2 42. g3 Bb3 43. Bg4 e3+ 44. Kd3
Ba4 45. Bxe6 Bxb5+ 46. Kc2 1-0

[Event "58th ch-RUS Semi-Final"]
[Site "Kazan RUS"]
[Date "2005.09.04"]
[Round "2"]
[White "Savchenko,B"]
[Black "Galliamova,A"]
[Result "1-0"]
[WhiteElo "2534"]
[BlackElo "2453"]
[EventDate "2005.09.03"]

1. e4 c5 2. Nf3 Nc6 3. Nc3 d6 4. d4 cxd4 5. Nxd4 Nf6 6. Bc4 e6 7. Be3 Be7
8. Qe2 O-O 9. O-O-O a6 10. Bb3 Nd7 11. f4 Nc5 12. Nxc6 Nxb3+ 13. cxb3 bxc6
14. e5 d5 15. Na4 Rb8 16. Kb1 Rb4 17. g3 d4 18. Bd2 Rb5 19. b4 Bxb4 20.
Bxb4 Rxb4 21. Nc5 Qd5 22. Rc1 a5 23. Rhd1 Rd8 24. Rd2 h6 25. Qe4 Rc4 26.
Qxd5 Rxc1+ 27. Kxc1 Rxd5 28. Rc2 f6 29. exf6 e5 30. fxe5 Bf5 31. e6 gxf6
32. Nd7 Kg7 33. Rxc6 Bxe6 34. Rxe6 Rxd7 35. Rb6 Rd5 36. Kd2 Rh5 37. h4 Rf5
38. a4 Rf2+ 39. Kd3 Rf3+ 40. Kc4 Rxg3 41. Rb5 Rg4 42. Rxa5 Rxh4 43. Rd5 Rh1
44. a5 h5 45. b4 h4 46. a6 Rc1+ 47. Kd3 h3 48. a7 Ra1 49. Ra5 Rd1+ 50. Ke2
h2 51. a8=Q h1=Q 52. Ra7+ Kg6 53. Qg8+ Kf5 54. Ra5+ Kf4 55. Qb8+ Kg4 56.
Qc8+ Kg3 57. Qc7+ Kg4 58. Qg7+ 1-0

[Event "58th ch-RUS Semi-Final"]
[Site "Kazan RUS"]
[Date "2005.09.04"]
[Round "2"]
[White "Riazantsev,A"]
[Black "Bareev,E"]
[Result "1/2-1/2"]
[WhiteElo "2599"]
[BlackElo "2688"]
[EventDate "2005.09.03"]

1. d4 d5 2. c4 c6 3. Nf3 Nf6 4. Nc3 dxc4 5. a4 Bf5 6. Ne5 Nbd7 7. Nxc4 Qc7
8. g3 e5 9. dxe5 Nxe5 10. Bf4 Nfd7 11. Bg2 f6 12. O-O Nc5 13. Ne3 Bg6 14.
b4 Ne6 15. b5 Rd8 16. Qb3 Nd4 17. Qb2 Bc5 18. a5 O-O 19. a6 bxa6 20. bxc6
Ndxc6 21. Rxa6 Qc8 22. Ra4 1/2-1/2

[Event "58th ch-RUS Semi-Final"]
[Site "Kazan RUS"]
[Date "2005.09.04"]
[Round "2"]
[White "Volkov,S1"]
[Black "Bocharov,D"]
[Result "1-0"]
[WhiteElo "2622"]
[BlackElo "2574"]
[EventDate "2005.09.03"]

1. d4 Nf6 2. c4 e6 3. Nc3 Bb4 4. f3 c5 5. d5 O-O 6. e4 d6 7. Nge2 b5 8. Nf4
e5 9. Nfe2 bxc4 10. Ng3 Nbd7 11. Bxc4 Nb6 12. Be2 c4 13. O-O Bd7 14. Kh1
Re8 15. Bg5 h6 16. Be3 Rc8 17. Qc2 Bc5 18. Bd2 Bd4 19. a4 Rc5 20. a5 Nc8
21. Na4 Rc7 22. Rfc1 Bb5 23. Nc3 Bd7 24. Nd1 Bb5 25. Ne3 Ne7 26. Nxc4 Ng6
27. Nf5 Nh5 28. g3 Bxc4 29. Bxc4 Rxc4 30. Qxc4 Bxb2 31. Qb4 Bxa1 32. Rxa1
Kh7 33. Qxd6 Qc8 34. Rc1 Qb7 35. Qb4 Qd7 36. Be3 Rc8 37. Rc4 Rxc4 38. Qxc4
Qb7 39. a6 Qb1+ 40. Kg2 Qb2+ 41. Kg1 Qa3 42. d6 1-0

[Event "58th ch-RUS Semi-Final"]
[Site "Kazan RUS"]
[Date "2005.09.04"]
[Round "2"]
[White "Khismatullin,D"]
[Black "Inarkiev,E"]
[Result "0-1"]
[WhiteElo "2583"]
[BlackElo "2618"]
[EventDate "2005.09.03"]

1. c4 Nf6 2. Nc3 g6 3. g3 Bg7 4. Bg2 O-O 5. e4 c5 6. Nge2 Nc6 7. d3 a6 8.
a4 d6 9. O-O Rb8 10. h3 Ne8 11. Be3 Nc7 12. d4 cxd4 13. Nxd4 Ne6 14. Nde2
Na5 15. b3 Bd7 16. f4 b5 17. axb5 axb5 18. f5 Nc5 19. Rxa5 Qxa5 20. b4 Qxb4
21. Nd5 Qa3 22. Nxe7+ Kh8 23. Bd4 gxf5 24. exf5 Bxd4+ 25. Qxd4+ f6 26. Nf4
Rf7 27. Qxd6 Qa7 28. Qd4 Rxe7 29. Nd5 Be8 30. Nxe7 Qxe7 31. cxb5 Bxb5 32.
Rb1 Rd8 33. Qc3 Bd3 34. Rd1 Ne4 35. Qe1 Bc2 36. Rxd8+ Qxd8 37. Kh2 Qd3 38.
Bf1 Qd2+ 39. Qe2 Qxe2+ 40. Bxe2 Nc3 41. Bc4 Bxf5 42. g4 Be4 43. Kg3 Nd5 44.
Bb5 Kg7 45. Kh4 Kf7 46. Bf1 Bg6 47. Kg3 Ke6 48. Bc4 Ke5 49. Kf3 Nf4 50. h4
Bc2 51. Kg3 h6 52. Ba6 Bd1 53. Bb7 Ne6 0-1

[Event "58th ch-RUS Semi-Final"]
[Site "Kazan RUS"]
[Date "2005.09.04"]
[Round "2"]
[White "Kobalia,M"]
[Black "Sorokin,M"]
[Result "1-0"]
[WhiteElo "2614"]
[BlackElo "2567"]
[EventDate "2005.09.03"]

1. e4 e5 2. Nf3 Nc6 3. Bc4 Bc5 4. c3 Nf6 5. d3 a6 6. Bb3 Ba7 7. h3 d6 8.
Nbd2 O-O 9. Nf1 d5 10. Qe2 Re8 11. Ng3 h6 12. Nh2 Be6 13. Ng4 dxe4 14. dxe4
Bxb3 15. axb3 Re6 16. Bd2 Ne7 17. O-O-O Qe8 18. Kc2 Qb5 19. Qxb5 axb5 20.
Ra1 Nxg4 21. hxg4 Ra6 22. Rxa6 bxa6 23. f3 Bf2 24. Nf5 Nxf5 25. gxf5 f6 26.
Ra1 Kf7 27. Kd3 Bc5 28. c4 c6 29. cxb5 cxb5 30. Rc1 Rd8+ 31. Ke2 Bd4 32.
Rc7+ Kg8 33. Bc3 Bxc3 34. bxc3 Rd6 35. g4 Kf8 36. Ra7 Kg8 37. Ke3 Kf8 38.
Ra8+ Kf7 39. b4 Ke7 40. Rg8 Kf7 41. Ra8 Ke7 42. Kf2 Rc6 43. Kg3 Kf7 44. Kh4
g6 45. Ra7+ Kg8 46. fxg6 Rxc3 47. g5 fxg5+ 48. Kh5 Rxf3 49. Kxh6 Rf8 50.
Rg7+ Kh8 51. Rf7 Rd8 52. Kxg5 Rd1 53. Kf6 Kg8 54. Ra7 Rd6+ 55. Kg5 Rd1 56.
Rxa6 1-0

[Event "58th ch-RUS Semi-Final"]
[Site "Kazan RUS"]
[Date "2005.09.04"]
[Round "2"]
[White "Tomashevsky,E"]
[Black "Najer,E"]
[Result "1/2-1/2"]
[WhiteElo "2555"]
[BlackElo "2614"]
[EventDate "2005.09.03"]

1. Nf3 d5 2. c4 d4 3. g3 Nc6 4. Bg2 e5 5. d3 Nf6 6. O-O Nd7 7. b3 Be7 8.
Na3 O-O 9. Nc2 a5 10. Rb1 Nc5 11. Ba3 Re8 12. Nd2 Ra6 13. Qc1 Ne6 14. Bxe7
Qxe7 15. a3 Rb6 16. Qb2 Ng5 17. Nf3 Bh3 18. Qc1 Nxf3+ 19. exf3 Qd7 20. Re1
Bxg2 21. Kxg2 Nd8 22. Qd2 Rh6 23. h4 b6 24. f4 Nc6 25. Qe2 e4 26. dxe4 d3
27. Qd1 Rd6 28. Ne3 Rxe4 29. Nd5 Rxe1 1/2-1/2

[Event "58th ch-RUS Semi-Final"]
[Site "Kazan RUS"]
[Date "2005.09.04"]
[Round "2"]
[White "Bryzgalin,K"]
[Black "Korotylev,A"]
[Result "1/2-1/2"]
[WhiteElo "2480"]
[BlackElo "2604"]
[EventDate "2005.09.03"]

1. e4 d6 2. d4 g6 3. Nc3 Bg7 4. g3 Nf6 5. Bg2 O-O 6. Nge2 e5 7. h3 Nc6 8.
Be3 Bd7 9. O-O exd4 10. Nxd4 Re8 11. Re1 a6 12. f4 Rb8 13. Bf2 Nxd4 14.
Bxd4 Bc6 15. Kh2 1/2-1/2

[Event "58th ch-RUS Semi-Final"]
[Site "Kazan RUS"]
[Date "2005.09.04"]
[Round "2"]
[White "Timofeev,Arty"]
[Black "Lugovoi,A"]
[Result "1-0"]
[WhiteElo "2661"]
[BlackElo "2556"]
[EventDate "2005.09.03"]

1. e4 c5 2. Nf3 d6 3. d4 cxd4 4. Nxd4 Nf6 5. Nc3 Nc6 6. Bg5 e6 7. Qd2 a6 8.
O-O-O Bd7 9. f3 Rc8 10. g4 b5 11. Be3 h6 12. h4 Ne5 13. Be2 g6 14. a3 Qc7
15. Rhg1 Qb7 16. g5 Nh5 17. gxh6 Nc4 18. Bxc4 bxc4 19. Rde1 d5 20. exd5 Rb8
21. Nd1 Qxd5 22. Qc3 e5 23. f4 Bxh6 24. fxe5 Bg7 25. Rg5 Be6 26. Nf2 O-O
27. Nxe6 Qxe6 28. Ng4 Rfe8 29. Bd2 Red8 30. Rg1 Kh8 31. Qe3 Rxd2 32. Kxd2
Rxb2 33. Qd4 Rb8 34. Kc1 c3 35. Qd6 Qe8 36. e6 f5 37. Ne5 Kh7 38. Rxg6 Rb7
39. Nd7 Qd8 40. Rxg7+ 1-0

[Event "58th ch-RUS Semi-Final"]
[Site "Kazan RUS"]
[Date "2005.09.04"]
[Round "2"]
[White "Yevseev,D"]
[Black "Zvjaginsev,V"]
[Result "0-1"]
[WhiteElo "2537"]
[BlackElo "2659"]
[EventDate "2005.09.03"]

1. d4 e6 2. Nf3 c5 3. g3 Nc6 4. Bg2 Qa5+ 5. c3 cxd4 6. Nxd4 Nf6 7. O-O Be7
8. c4 O-O 9. Nc3 Qb4 10. Ndb5 a6 11. Na3 Rd8 12. e4 Rb8 13. Qe2 d6 14. Be3
Bd7 15. Rab1 Rdc8 16. Rfd1 Be8 17. Bd2 Qc5 18. b4 Qh5 19. Qxh5 Nxh5 20. Bf3
Nf6 21. Bf4 Ne5 22. Be2 Nfd7 23. c5 dxc5 24. b5 g5 25. Bxe5 Nxe5 26. bxa6
bxa6 27. Bxa6 Rxb1 28. Naxb1 Ra8 29. Be2 g4 30. Kg2 c4 31. h3 h5 32. hxg4
hxg4 33. Rc1 Bc6 34. Rc2 f5 35. Nd2 Bb4 36. Nxc4 Bxc3 37. Rxc3 Bxe4+ 38.
Kf1 Rc8 39. a4 Bd5 0-1

[Event "58th ch-RUS Semi-Final"]
[Site "Kazan RUS"]
[Date "2005.09.04"]
[Round "2"]
[White "Alekseev,Evgeny"]
[Black "Khairullin,I"]
[Result "1/2-1/2"]
[WhiteElo "2625"]
[BlackElo "2538"]
[EventDate "2005.09.03"]

1. c4 Nf6 2. Nc3 g6 3. g3 Bg7 4. Bg2 O-O 5. e4 c5 6. Nge2 Nc6 7. d3 d6 8.
O-O Ne8 9. Be3 Nc7 10. d4 cxd4 11. Nxd4 Ne6 12. Nde2 Nc5 13. h3 a6 14. a4
Qa5 15. Rb1 Be6 16. Nd5 Qxa4 17. b3 Qa2 18. Bd2 Bxd5 19. exd5 Nd4 20. Nxd4
Bxd4 21. Bh6 Bg7 22. Bxg7 Kxg7 23. Qd4+ Kg8 24. b4 e5 25. dxe6 Nxe6 26.
Qxd6 Qxc4 27. Bxb7 Ra7 28. Bd5 Qc7 1/2-1/2

[Event "58th ch-RUS Semi-Final"]
[Site "Kazan RUS"]
[Date "2005.09.04"]
[Round "2"]
[White "Iljin,A"]
[Black "Filippov,Va"]
[Result "1/2-1/2"]
[WhiteElo "2500"]
[BlackElo "2621"]
[EventDate "2005.09.03"]

1. c4 e6 2. Nf3 d5 3. d4 Nf6 4. Nc3 c6 5. e3 Nbd7 6. Qc2 Bd6 7. b3 O-O 8.
Bd3 b6 9. O-O Bb7 10. Bb2 Re8 11. Rad1 Qe7 12. e4 dxe4 13. Nxe4 Nxe4 14.
Bxe4 Nf6 15. Bd3 Rad8 16. Rfe1 Bf4 17. c5 g6 18. Bc1 Bxc1 19. Rxc1 bxc5 20.
Qxc5 Rd5 21. Qxe7 Rxe7 22. Re5 Kf8 23. Kf1 Nd7 24. Re2 c5 25. Rd2 cxd4 26.
Be4 Ba6+ 27. Kg1 Rc5 28. Rxc5 Nxc5 29. Rxd4 Rc7 30. h4 Nxe4 31. Rxe4 Bb7
32. Ra4 Bd5 33. Kh2 h6 34. Ra6 Kg7 35. Nd4 g5 36. hxg5 hxg5 37. Kg3 Kg6 38.
f3 Kh5 39. Kf2 g4 40. Ra4 gxf3 41. gxf3 Rd7 42. Nc2 f5 43. Rd4 e5 44. Rd2
Kg5 1/2-1/2

[Event "58th ch-RUS Semi-Final"]
[Site "Kazan RUS"]
[Date "2005.09.04"]
[Round "2"]
[White "Kharlov,A"]
[Black "Novikov,St"]
[Result "1-0"]
[WhiteElo "2619"]
[BlackElo "2534"]
[EventDate "2005.09.03"]

1. d4 d5 2. Nf3 Nc6 3. e3 Bg4 4. Be2 e6 5. h3 Bh5 6. Nbd2 Nf6 7. O-O Bd6 8.
b3 e5 9. Nxe5 Bxe2 10. Nxc6 Bxd1 11. Nxd8 Be2 12. Nxb7 Bxf1 13. Nxd6+ cxd6
14. Kxf1 Kd7 15. Ke2 Rac8 16. Kd3 h5 17. c4 h4 18. Ba3 Rc6 19. c5 Ra6 20.
Bb4 dxc5 21. Bxc5 Rh5 22. a4 Ne4 23. Nxe4 dxe4+ 24. Kxe4 Rg5 25. Rh1 Rxg2
26. Kf3 Rg5 27. e4 Rf6+ 28. Ke2 Rg2 29. d5 1-0

[Event "58th ch-RUS Semi-Final"]
[Site "Kazan RUS"]
[Date "2005.09.04"]
[Round "2"]
[White "Tregubov,P"]
[Black "Yemelin,V"]
[Result "1/2-1/2"]
[WhiteElo "2607"]
[BlackElo "2530"]
[EventDate "2005.09.03"]

1. d4 Nf6 2. c4 e6 3. Nf3 b6 4. a3 c5 5. d5 Ba6 6. Qc2 exd5 7. cxd5 g6 8.
Bf4 d6 9. Nc3 Bg7 10. Qa4+ b5 11. Nxb5 O-O 12. Rd1 Bxb5 13. Qxb5 Nbd7 14.
Bxd6 Re8 15. g3 Ne4 16. Bf4 a6 17. Qb7 Qa5+ 18. Nd2 Ne5 19. Bg2 Nd3+ 20.
Kf1 Nexf2 21. Nc4 Qb5 22. Qxb5 axb5 23. Rxd3 Nxd3 24. exd3 bxc4 25. dxc4
Ra7 26. d6 Bxb2 27. Bc6 Rd8 28. Kg2 g5 29. Bxg5 Rxd6 30. Bd5 Bxa3 31. Re1
Kg7 32. Re8 Bb4 33. Bf4 Ra2+ 34. Kh3 Rf6 35. Be5 Raf2 36. g4 Bd2 1/2-1/2

[Event "58th ch-RUS Semi-Final"]
[Site "Kazan RUS"]
[Date "2005.09.04"]
[Round "2"]
[White "Bragin,Alex"]
[Black "Epishin,V"]
[Result "0-1"]
[WhiteElo "2396"]
[BlackElo "2600"]
[EventDate "2005.09.03"]

1. e4 c5 2. Nf3 d6 3. d4 cxd4 4. Nxd4 Nf6 5. Nc3 Nc6 6. Bc4 e5 7. Nf5 Be6
8. Ne3 Rc8 9. Bd5 Be7 10. O-O O-O 11. Kh1 g6 12. f3 Qd7 13. Rf2 Nd4 14. Bb3
Nxb3 15. axb3 a6 16. Ned5 Bxd5 17. Nxd5 Nxd5 18. Qxd5 Qc6 19. Qxc6 Rxc6 20.
Be3 f5 21. Rd2 Kf7 22. Kg1 Ke6 23. c3 h5 24. Rad1 Bd8 25. Rd5 fxe4 26. fxe4
Bb6 27. R5d3 Rf4 28. Bxb6 Rxb6 29. Rg3 Rg4 30. Rxg4 hxg4 31. b4 a5 32. Kf2
axb4 33. c4 b3 34. Ke3 Rb4 35. Kd3 b5 36. Rc1 bxc4+ 37. Rxc4 Rb8 38. Kc3
Kd7 39. Rb4 Rh8 40. Rb7+ Kc6 41. Rg7 Rxh2 42. Rxg6 Rxg2 43. Kxb3 g3 44. Kc3
Re2 45. Rxg3 Rxe4 46. Rg6 Kc5 47. Rg8 Re3+ 48. Kc2 Kd4 49. Rc8 Re2+ 0-1

[Event "58th ch-RUS Semi-Final"]
[Site "Kazan RUS"]
[Date "2005.09.04"]
[Round "2"]
[White "Galkin,A"]
[Black "Kabanov,N"]
[Result "1-0"]
[WhiteElo "2598"]
[BlackElo "2508"]
[EventDate "2005.09.03"]

1. e4 c5 2. Nf3 e6 3. d4 cxd4 4. Nxd4 Nf6 5. Nc3 Nc6 6. Ndb5 Bc5 7. Bf4 O-O
8. Bc7 Qe7 9. Bd6 Bxd6 10. Qxd6 Qd8 11. Nc7 Rb8 12. Be2 b6 13. e5 Ne8 14.
Nxe8 Rxe8 15. f4 Bb7 16. Bf3 Ne7 17. Bxb7 Rxb7 18. O-O-O b5 19. Ne4 Qa5 20.
Kb1 b4 21. Rd3 Nd5 22. Rg3 Reb8 23. Nf6+ Nxf6 24. exf6 g6 25. Rg5 Qc7 26.
Qd2 Qc3 27. Qxc3 bxc3 28. b3 Rb4 29. g3 d5 30. Re5 h5 31. Rd1 Rc8 32. Rd3
Rb6 33. Kc1 a5 34. Ree3 Rbc6 35. a4 Rc5 36. Kd1 Kf8 37. Ke2 Ke8 38. Kf3 Kd7
39. Kg2 Kd6 40. Kh3 g5 41. fxg5 e5 42. g4 Rh8 43. Rxc3 hxg4+ 44. Kxg4 Rxc3
45. Rxc3 Rxh2 46. g6 fxg6 47. Kg5 e4 48. f7 Ke7 49. Rc7+ Kf8 50. Kxg6 Rg2+
51. Kf6 Rf2+ 52. Ke6 e3 53. Rc8+ Kg7 54. Rg8+ Kh7 55. Rg1 e2 56. Re1 Kg7
57. Kxd5 Kxf7 58. Kd4 1-0

[Event "58th ch-RUS Semi-Final"]
[Site "Kazan RUS"]
[Date "2005.09.04"]
[Round "2"]
[White "Dvoirys,S"]
[Black "Chuprov,D"]
[Result "1/2-1/2"]
[WhiteElo "2589"]
[BlackElo "2477"]
[EventDate "2005.09.03"]

1. e4 c6 2. Nc3 d5 3. Nf3 dxe4 4. Nxe4 Nf6 5. Nxf6+ gxf6 6. g3 Bg4 7. Bg2
Nd7 8. h3 Bh5 9. d4 Qc7 10. O-O O-O-O 11. Qd3 e6 12. Qb3 Bd6 13. Nd2 Rhg8
14. Nc4 Nb6 15. Nxd6+ Qxd6 16. c3 Be2 17. Re1 Bc4 18. Qc2 Bd5 19. Qxh7 Qd7
20. Qd3 Rh8 21. h4 Rdg8 22. Bxd5 exd5 23. Qf3 Rxh4 24. Qxf6 Qh3 25. Qxh4
Qxh4 26. Re8+ Kd7 27. Rxg8 Qe4 28. Bf4 Nc4 29. Rb8 b5 30. Rb7+ Ke6 31. b3
Na3 32. Rd1 Nc2 33. Rc7 b4 34. Rxc6+ Kf5 35. Be5 Ne1 36. Kf1 Nf3 37. Rf6+
Kg5 38. cxb4 Nh2+ 39. Kg1 Nf3+ 40. Rxf3 Qxf3 41. Re1 Qc3 42. Re3 Qa1+ 43.
Kg2 f6 44. Bd6 Qxd4 45. Bc5 Qb2 46. a4 a6 47. Rd3 Kg6 48. Rxd5 Qxb3 49. Rd6
Qxa4 50. Rb6 1/2-1/2

[Event "58th ch-RUS Semi-Final"]
[Site "Kazan RUS"]
[Date "2005.09.04"]
[Round "2"]
[White "Magomedov,Ma"]
[Black "Gavrilov,Al1"]
[Result "1/2-1/2"]
[WhiteElo "2565"]
[BlackElo "2464"]
[EventDate "2005.09.03"]

1. d4 Nf6 2. c4 e6 3. Nc3 Bb4 4. Qc2 d5 5. a3 Bxc3+ 6. Qxc3 Ne4 7. Qc2 c5
8. dxc5 Nc6 9. e3 Qa5+ 10. Bd2 Nxd2 11. Qxd2 dxc4 12. Qxa5 Nxa5 13. Rc1 Bd7
14. Bxc4 Rc8 15. b4 Nxc4 16. Rxc4 e5 17. f4 exf4 18. exf4 O-O 19. Nf3 Bb5
20. Rc2 Rcd8 21. Kf2 Rd3 22. Re1 Rxa3 23. Re7 Bc6 24. Ne5 Rb3 25. Nxc6 bxc6
26. Rxa7 Rxb4 27. g3 Rbb8 28. Rc7 Rb7 1/2-1/2

[Event "58th ch-RUS Semi-Final"]
[Site "Kazan RUS"]
[Date "2005.09.04"]
[Round "2"]
[White "Iljushin,A"]
[Black "Grigoriants,S RUS"]
[Result "0-1"]
[WhiteElo "2531"]
[BlackElo "2562"]
[EventDate "2005.09.03"]

1. c4 c6 2. Nf3 d5 3. d4 Nf6 4. Nc3 a6 5. c5 Nbd7 6. Bf4 Nh5 7. Bd2 Nhf6 8.
Bf4 Nh5 9. Bd2 g6 10. e4 dxe4 11. Nxe4 Ndf6 12. Nxf6+ Nxf6 13. Bc4 Bg7 14.
O-O O-O 15. Bf4 Bg4 16. Be5 Nd5 17. Re1 Bxe5 18. Rxe5 Nf6 19. Re3 e6 20.
Qd2 Bxf3 21. Rxf3 Qe7 22. Qf4 Nh5 23. Qe5 Rad8 24. Re1 Ng7 25. g4 Rd7 26.
Re4 h6 27. Rf6 Ne8 28. Rf3 Qg5 29. Kg2 Ng7 30. Qxg5 hxg5 31. b3 Rfd8 32.
Re5 Rxd4 33. Rxg5 Re4 34. Bd3 Re1 35. h4 Rc1 36. h5 Rc3 37. Be4 Rxf3 38.
Bxf3 gxh5 39. gxh5 Kh7 40. Rg4 Kh6 41. a4 Nf5 42. b4 Rd2 43. Rf4 Kg5 44.
Rg4+ Kh6 45. Rf4 Rb2 46. Kf1 Ra2 47. b5 Rc2 48. bxc6 bxc6 49. Bxc6 Rxc5 50.
Bf3 a5 51. Be2 Rc1+ 52. Kg2 Rc3 53. Re4 Ne7 54. Rd4 Nd5 55. Bf3 Nf6 56. Rd8
Ra3 57. Bd1 Nd5 58. Rh8+ Kg7 59. Ra8 Nf4+ 60. Kh2 Rd3 61. Bc2 Rh3+ 62. Kg1
Rxh5 63. Rc8 Kf6 64. Rc7 Rh3 65. Ra7 Rc3 66. Be4 Rc4 67. f3 Rxa4 68. Bc6
Ra1+ 69. Kf2 Ra2+ 70. Kg3 Kg5 0-1

[Event "58th ch-RUS Semi-Final"]
[Site "Kazan RUS"]
[Date "2005.09.04"]
[Round "2"]
[White "Popov,Val"]
[Black "Pokazanjev,N"]
[Result "1/2-1/2"]
[WhiteElo "2570"]
[BlackElo "2410"]
[EventDate "2005.09.03"]

1. d4 d5 2. c4 c6 3. Nf3 Nf6 4. Nc3 dxc4 5. a4 Bf5 6. e3 e6 7. Bxc4 Bb4 8.
O-O O-O 9. Nh4 Nbd7 10. h3 Rc8 11. Qb3 Qb6 12. Rd1 Bg6 13. Na2 Be7 14. Nxg6
hxg6 15. a5 Qxb3 16. Bxb3 c5 17. Nc3 cxd4 18. exd4 Bb4 19. Bd2 Rfd8 20. a6
bxa6 21. Rxa6 Nb8 22. Rxa7 Nc6 23. Ra4 Rb8 24. Bf4 Bxc3 25. Bxb8 Rxb8 26.
bxc3 Rxb3 27. Ra8+ Kh7 28. c4 Rb7 29. d5 exd5 30. cxd5 Rd7 31. d6 Nd8 32.
h4 Ne6 33. Ra6 g5 34. hxg5 Nxg5 35. Rc6 Ne6 36. f3 g5 37. Kf2 Kg6 38. Rb6
Ne8 39. Rd5 Nf4 40. Rd1 Ne6 41. Rd2 N6g7 42. Rd5 f6 43. Rb1 Nxd6 44. Rbd1
Nge8 45. g4 Kf7 46. f4 gxf4 47. Kf3 Ke6 48. Kxf4 Ra7 49. g5 Ra4+ 50. R5d4
fxg5+ 1/2-1/2

[Event "58th ch-RUS Semi-Final"]
[Site "Kazan RUS"]
[Date "2005.09.04"]
[Round "2"]
[White "Yandemirov,V"]
[Black "Tseshkovsky,V"]
[Result "1/2-1/2"]
[WhiteElo "2515"]
[BlackElo "2599"]
[EventDate "2005.09.03"]

1. e4 c5 2. Nf3 e6 3. c4 Nc6 4. Nc3 Nge7 5. d4 Nxd4 6. Nxd4 cxd4 7. Qxd4
Nc6 8. Qd3 Bc5 9. Be2 Qh4 10. O-O O-O 11. a3 Ne5 12. Qd2 f5 13. Qf4 Qf6 14.
exf5 d6 15. Rd1 Qe7 16. Ne4 exf5 17. Nxc5 dxc5 18. Bd2 Ng6 19. Qe3 Re8 20.
Qxe7 Rxe7 21. Bf3 Be6 22. Re1 Bxc4 23. Rxe7 Nxe7 24. Re1 Kf7 25. Bg5 Nc6
26. Rc1 Ne5 27. Bxb7 Rb8 28. Bf4 Rxb7 29. Bxe5 Rd7 30. h3 Rd5 31. Rxc4 Rxe5
32. Kf1 Kf6 33. f4 Rd5 34. Ke2 Ke6 35. Ra4 Rd7 36. Ra6+ Kd5 37. Kd3 Rb7 38.
Kc3 Re7 39. Kd3 c4+ 40. Kc3 Re3+ 41. Kd2 Rg3 42. Rxa7 Rxg2+ 43. Kc3 Rg3+
44. Kc2 Rg2+ 45. Kc3 1/2-1/2

[Event "58th ch-RUS Semi-Final"]
[Site "Kazan RUS"]
[Date "2005.09.05"]
[Round "3"]
[White "Inarkiev,E"]
[Black "Volkov,S1"]
[Result "1/2-1/2"]
[WhiteElo "2618"]
[BlackElo "2622"]
[EventDate "2005.09.03"]

1. e4 e6 2. d4 d5 3. Nc3 Nf6 4. Bg5 Bb4 5. e5 h6 6. Bd2 Bxc3 7. bxc3 Ne4 8.
Qg4 Kf8 9. Bd3 Nxd2 10. Kxd2 c5 11. h4 Nc6 12. Nf3 c4 13. Be2 b5 14. a3 Bd7
15. Qf4 Ke8 16. h5 Qe7 17. g4 Kd8 18. Rhg1 f6 19. Rh1 Kc8 20. Qe3 Be8 21.
exf6 gxf6 22. Nh4 Qd6 23. Ng6 Rh7 24. f4 Kc7 25. g5 hxg5 26. fxg5 e5 27.
gxf6 exd4 28. cxd4 Bxg6 29. hxg6 Rxh1 30. Rxh1 Qxf6 31. Qg3+ Kb6 32. c3 Rg8
33. Rh7 Rxg6 34. Qc7+ Ka6 35. a4 bxa4 36. Qb7+ Ka5 37. Qc7+ Ka6 38. Qb7+
Ka5 39. Qc7+ 1/2-1/2

[Event "58th ch-RUS Semi-Final"]
[Site "Kazan RUS"]
[Date "2005.09.05"]
[Round "3"]
[White "Epishin,V"]
[Black "Timofeev,Arty"]
[Result "1/2-1/2"]
[WhiteElo "2600"]
[BlackElo "2661"]
[EventDate "2005.09.03"]

1. d4 Nf6 2. Nf3 g6 3. g3 Bg7 4. Bg2 d5 5. O-O O-O 6. Nbd2 Na6 7. Nb3 Bf5
8. c3 Qc8 9. Bg5 Bh3 10. Bxf6 Bxf6 11. Bxh3 Qxh3 12. e3 Qe6 13. Qe2 Rfc8
14. Rfd1 Rab8 15. Rd2 c5 16. dxc5 Nxc5 17. Nfd4 Qa6 18. Qxa6 bxa6 19. Nxc5
Rxc5 20. Kf1 a5 21. a4 Bxd4 22. exd4 Rc7 23. Rc1 1/2-1/2

[Event "58th ch-RUS Semi-Final"]
[Site "Kazan RUS"]
[Date "2005.09.05"]
[Round "3"]
[White "Zvjaginsev,V"]
[Black "Riazantsev,A"]
[Result "1-0"]
[WhiteElo "2659"]
[BlackElo "2599"]
[EventDate "2005.09.03"]

1. e4 e6 2. Qe2 Be7 3. Nf3 d5 4. d3 Nf6 5. e5 Nfd7 6. g3 c5 7. Bg2 b5 8.
O-O Nc6 9. h4 a5 10. a4 bxa4 11. Rxa4 c4 12. d4 c3 13. Nxc3 Ba6 14. Qd1
Bxf1 15. Bxf1 h6 16. Nh2 Rb8 17. Ra1 Qb6 18. Nb5 Na7 19. Nxa7 Qxa7 20. c3
Nb6 21. b3 Qc7 22. c4 Bb4 23. Bf4 Rd8 24. Rc1 dxc4 25. bxc4 Bc5 26. Be3 O-O
27. Qg4 h5 28. Qe4 Ba3 29. Bd3 g6 30. Rc2 Kg7 31. d5 Bc5 32. d6 Qc8 33. Bg5
Nd7 34. Qf4 Rh8 35. Nf3 Qb7 36. Bf6+ Nxf6 37. Qxf6+ Kh6 38. Ng5 1-0

[Event "58th ch-RUS Semi-Final"]
[Site "Kazan RUS"]
[Date "2005.09.05"]
[Round "3"]
[White "Galkin,A"]
[Black "Khalifman,A"]
[Result "1/2-1/2"]
[WhiteElo "2598"]
[BlackElo "2653"]
[EventDate "2005.09.03"]

1. e4 c5 2. Nf3 e6 3. d4 cxd4 4. Nxd4 Nc6 5. Nc3 d6 6. Be2 Nf6 7. O-O Be7
8. Be3 O-O 9. f4 Bd7 10. Nb3 Rc8 11. Qd2 a6 12. Rad1 b5 13. Bf3 Qc7 14. Qf2
Rb8 15. Ne2 Rfc8 16. c3 a5 17. Nd2 Be8 18. Rc1 a4 19. a3 Na5 20. Nd4 Nd7
1/2-1/2

[Event "58th ch-RUS Semi-Final"]
[Site "Kazan RUS"]
[Date "2005.09.05"]
[Round "3"]
[White "Tkachiev,V"]
[Black "Shariyazdanov,A"]
[Result "1/2-1/2"]
[WhiteElo "2625"]
[BlackElo "2592"]
[EventDate "2005.09.03"]

1. d4 Nf6 2. c4 e6 3. Nf3 d5 4. Nc3 Bb4 5. Bg5 Nbd7 6. cxd5 exd5 7. Rc1 c6
8. a3 Be7 9. e3 O-O 10. Bd3 Re8 11. Qc2 Nf8 12. O-O Be6 13. h3 N6d7 14. Bf4
Nb6 15. Rfe1 Bd6 16. Bxd6 Qxd6 17. Na4 Nxa4 18. Qxa4 Nd7 19. b4 h6 20. Nd2
Nb6 21. Qc2 Re7 22. Rb1 a6 23. a4 Qd8 24. Rec1 Rc8 25. Ra1 Rcc7 26. Qb2 Nc8
27. b5 cxb5 28. Rxc7 Rxc7 29. axb5 axb5 30. Qxb5 Rc3 31. Nf3 Nd6 32. Qb1
Rc8 33. Qb4 Qc7 34. Rb1 b5 35. Ne5 Nc4 36. Rc1 Qb8 37. Nf3 Qb7 38. Ra1 Rb8
39. Ne1 Qd7 40. Be2 Bf5 41. Ra6 Qb7 1/2-1/2

[Event "58th ch-RUS Semi-Final"]
[Site "Kazan RUS"]
[Date "2005.09.05"]
[Round "3"]
[White "Grigoriants,S RUS"]
[Black "Kharlov,A"]
[Result "1/2-1/2"]
[WhiteElo "2562"]
[BlackElo "2619"]
[EventDate "2005.09.03"]

1. e4 c5 2. Nf3 Nc6 3. d4 cxd4 4. Nxd4 Nf6 5. Nc3 e5 6. Ndb5 d6 7. Bg5 a6
8. Na3 b5 9. Bxf6 gxf6 10. Nd5 f5 11. Bd3 Be6 12. c3 Bg7 13. Qh5 f4 14. O-O
O-O 15. Rfd1 Rb8 16. Nc2 Qd7 17. h3 a5 18. Ne1 Ne7 19. Nxe7+ Qxe7 20. Nf3
Bf6 21. Nd4 Qd7 22. Bc2 b4 23. Rd2 bxc3 24. bxc3 Rfc8 25. Nxe6 fxe6 26.
Rad1 Rb6 27. Rd3 a4 28. R1d2 Ra6 29. Qd1 Be7 30. a3 Kh8 31. Qh5 Qe8 32.
Qxe8+ Rxe8 33. Bd1 Kg7 34. Rb2 Rc8 35. Rb4 Kf6 36. Rxa4 Rxa4 37. Bxa4 Ra8
38. Bd1 Rxa3 39. Bf3 Ra1+ 40. Rd1 Ra6 41. c4 Ra2 42. Kf1 Rb2 43. Be2 h6 44.
Ke1 Kf7 45. Bh5+ Kf8 46. Bg4 Kf7 1/2-1/2